<?xml version="1.0" encoding="UTF-8"?>
<record
    xmlns:xsi="http://www.w3.org/2001/XMLSchema-instance"
    xsi:schemaLocation="http://www.loc.gov/MARC21/slim http://www.loc.gov/standards/marcxml/schema/MARC21slim.xsd"
    xmlns="http://www.loc.gov/MARC21/slim">

  <leader>00780nam a22002177a 4500</leader>
  <controlfield tag="003">OSt</controlfield>
  <controlfield tag="005">20150408113952.0</controlfield>
  <controlfield tag="008">111201t2010    ua a   g  000 0 ara d</controlfield>
  <datafield tag="020" ind1=" " ind2=" ">
    <subfield code="a">9789774770463</subfield>
  </datafield>
  <datafield tag="040" ind1=" " ind2=" ">
    <subfield code="c">MU</subfield>
  </datafield>
  <datafield tag="082" ind1=" " ind2=" ">
    <subfield code="a">005.8</subfield>
    <subfield code="b">&#x639; &#x639; &#x636;</subfield>
  </datafield>
  <datafield tag="100" ind1=" " ind2=" ">
    <subfield code="a">&#x627;&#x644;&#x639;&#x62C;&#x64A;&#x644;&#x64A;&#x60C; &#x639;&#x628;&#x62F; &#x630;&#x64A;&#x627;&#x628;.</subfield>
    <subfield code="9">6737</subfield>
  </datafield>
  <datafield tag="245" ind1=" " ind2=" ">
    <subfield code="a">&#x636;&#x628;&#x637; &#x623;&#x646;&#x638;&#x645;&#x629; &#x627;&#x644;&#x645;&#x639;&#x644;&#x648;&#x645;&#x627;&#x62A; &#x648;&#x623;&#x645;&#x646;&#x647;&#x627; / </subfield>
    <subfield code="c"> &#x62A;&#x623;&#x644;&#x64A;&#x641; &#x639;&#x628;&#x62F; &#x630;&#x64A;&#x627;&#x628; &#x627;&#x644;&#x639;&#x62C;&#x64A;&#x644;&#x64A;.</subfield>
  </datafield>
  <datafield tag="250" ind1=" " ind2=" ">
    <subfield code="a">&#x637;. 1.</subfield>
  </datafield>
  <datafield tag="260" ind1=" " ind2=" ">
    <subfield code="a">&#x627;&#x644;&#x642;&#x627;&#x647;&#x631;&#x629; : </subfield>
    <subfield code="b"> &#x627;&#x644;&#x634;&#x631;&#x643;&#x629; &#x627;&#x644;&#x639;&#x631;&#x628;&#x64A;&#x629; &#x627;&#x644;&#x645;&#x62A;&#x62D;&#x62F;&#x629; &#x644;&#x644;&#x62A;&#x633;&#x648;&#x64A;&#x642; &#x648;&#x627;&#x644;&#x62A;&#x648;&#x631;&#x64A;&#x62F;&#x627;&#x62A;&#x60C;</subfield>
    <subfield code="c">2010</subfield>
  </datafield>
  <datafield tag="300" ind1=" " ind2=" ">
    <subfield code="a">222 &#x635; :</subfield>
    <subfield code="b">&#x623;&#x634;&#x643;&#x627;&#x644;&#x60C; &#x62C;&#x62F;&#x627;&#x648;&#x644; &#x61B;</subfield>
    <subfield code="c">24 &#x633;&#x645;.</subfield>
  </datafield>
  <datafield tag="500" ind1=" " ind2=" ">
    <subfield code="a">&#x642;&#x627;&#x626;&#x645;&#x629; &#x645;&#x635;&#x637;&#x644;&#x62D;&#x627;&#x62A;.</subfield>
  </datafield>
  <datafield tag="650" ind1=" " ind2=" ">
    <subfield code="a">&#x623;&#x645;&#x646; &#x627;&#x644;&#x645;&#x639;&#x644;&#x648;&#x645;&#x627;&#x62A;.</subfield>
    <subfield code="9">3157</subfield>
  </datafield>
  <datafield tag="650" ind1=" " ind2=" ">
    <subfield code="a">&#x623;&#x646;&#x638;&#x645;&#x629; &#x627;&#x644;&#x645;&#x639;&#x644;&#x648;&#x645;&#x627;&#x62A; </subfield>
    <subfield code="9">3483</subfield>
  </datafield>
  <datafield tag="942" ind1=" " ind2=" ">
    <subfield code="2">ddc</subfield>
    <subfield code="c">DVD</subfield>
  </datafield>
  <datafield tag="999" ind1=" " ind2=" ">
    <subfield code="c">19077</subfield>
    <subfield code="d">253577</subfield>
  </datafield>
  <datafield tag="952" ind1=" " ind2=" ">
    <subfield code="1">0</subfield>
    <subfield code="2">2013-03-10</subfield>
    <subfield code="4">0</subfield>
    <subfield code="7">0</subfield>
    <subfield code="a">005.8 &#x639; &#x639; &#x636;</subfield>
    <subfield code="d">2011-12-01</subfield>
    <subfield code="h">IC</subfield>
    <subfield code="i">00101317</subfield>
    <subfield code="m">IC</subfield>
    <subfield code="r">2013-03-10 00:00:00</subfield>
    <subfield code="t">BOOK</subfield>
    <subfield code="w">ddc</subfield>
    <subfield code="y">0</subfield>
  </datafield>
  <datafield tag="952" ind1=" " ind2=" ">
    <subfield code="1">0</subfield>
    <subfield code="2">2013-03-10</subfield>
    <subfield code="4">0</subfield>
    <subfield code="7">0</subfield>
    <subfield code="a">005.8 &#x639; &#x639; &#x636;</subfield>
    <subfield code="d">2011-12-01</subfield>
    <subfield code="h">IC</subfield>
    <subfield code="i">00101315</subfield>
    <subfield code="m">IC</subfield>
    <subfield code="r">2013-03-10 00:00:00</subfield>
    <subfield code="t">BOOK</subfield>
    <subfield code="w">ddc</subfield>
    <subfield code="y">0</subfield>
  </datafield>
  <datafield tag="952" ind1=" " ind2=" ">
    <subfield code="1">0</subfield>
    <subfield code="2">2013-03-10</subfield>
    <subfield code="4">0</subfield>
    <subfield code="7">0</subfield>
    <subfield code="a">005.8 &#x639; &#x639; &#x636;</subfield>
    <subfield code="d">2011-12-01</subfield>
    <subfield code="h">IC</subfield>
    <subfield code="i">00101316</subfield>
    <subfield code="m">IC</subfield>
    <subfield code="r">2013-03-10 00:00:00</subfield>
    <subfield code="t">BOOK</subfield>
    <subfield code="w">ddc</subfield>
    <subfield code="y">0</subfield>
  </datafield>
  <datafield tag="952" ind1=" " ind2=" ">
    <subfield code="1">0</subfield>
    <subfield code="2">2017-03-05</subfield>
    <subfield code="4">0</subfield>
    <subfield code="7">0</subfield>
    <subfield code="a">005.8 &#x639; &#x639; &#x636;</subfield>
    <subfield code="d">2017-03-05</subfield>
    <subfield code="h">CL</subfield>
    <subfield code="i">00706285</subfield>
    <subfield code="m">CL</subfield>
    <subfield code="r">2017-03-05 00:00:00</subfield>
    <subfield code="t">BOOK</subfield>
    <subfield code="w">ddc</subfield>
    <subfield code="y">0</subfield>
  </datafield>
  <datafield tag="952" ind1=" " ind2=" ">
    <subfield code="1">0</subfield>
    <subfield code="2">2017-03-05</subfield>
    <subfield code="4">0</subfield>
    <subfield code="7">0</subfield>
    <subfield code="a">005.8 &#x639; &#x639; &#x636;</subfield>
    <subfield code="d">2017-03-05</subfield>
    <subfield code="h">CL</subfield>
    <subfield code="i">00706286</subfield>
    <subfield code="m">CL</subfield>
    <subfield code="r">2017-03-05 00:00:00</subfield>
    <subfield code="t">BOOK</subfield>
    <subfield code="w">ddc</subfield>
    <subfield code="y">0</subfield>
  </datafield>
  <datafield tag="952" ind1=" " ind2=" ">
    <subfield code="1">0</subfield>
    <subfield code="2">2017-03-05</subfield>
    <subfield code="4">0</subfield>
    <subfield code="7">0</subfield>
    <subfield code="a">005.8 &#x639; &#x639; &#x636;</subfield>
    <subfield code="d">2017-03-05</subfield>
    <subfield code="h">CL</subfield>
    <subfield code="i">00706287</subfield>
    <subfield code="m">CL</subfield>
    <subfield code="r">2017-03-05 00:00:00</subfield>
    <subfield code="t">BOOK</subfield>
    <subfield code="w">ddc</subfield>
    <subfield code="y">0</subfield>
  </datafield>
  <datafield tag="952" ind1=" " ind2=" ">
    <subfield code="1">0</subfield>
    <subfield code="2">2022-10-19</subfield>
    <subfield code="4">0</subfield>
    <subfield code="7">1</subfield>
    <subfield code="a">005.8 &#x639; &#x639; &#x636;</subfield>
    <subfield code="d">2022-10-19</subfield>
    <subfield code="h">EZF</subfield>
    <subfield code="i">00266431</subfield>
    <subfield code="m">EZF</subfield>
    <subfield code="r">2022-10-19 00:00:00</subfield>
    <subfield code="t">DVD</subfield>
    <subfield code="w">ddc</subfield>
    <subfield code="y">0</subfield>
  </datafield>
  <datafield tag="952" ind1=" " ind2=" ">
    <subfield code="1">0</subfield>
    <subfield code="2">2022-10-19</subfield>
    <subfield code="4">0</subfield>
    <subfield code="7">0</subfield>
    <subfield code="a">005.8 &#x639; &#x639; &#x636;</subfield>
    <subfield code="d">2022-10-19</subfield>
    <subfield code="h">EZF</subfield>
    <subfield code="i">00266432</subfield>
    <subfield code="m">EZF</subfield>
    <subfield code="r">2022-10-19 00:00:00</subfield>
    <subfield code="t">DVD</subfield>
    <subfield code="w">ddc</subfield>
    <subfield code="y">0</subfield>
  </datafield>
  <datafield tag="952" ind1=" " ind2=" ">
    <subfield code="1">0</subfield>
    <subfield code="2">2022-10-19</subfield>
    <subfield code="4">0</subfield>
    <subfield code="7">1</subfield>
    <subfield code="a">005.8 &#x639; &#x639; &#x636;</subfield>
    <subfield code="d">2022-10-19</subfield>
    <subfield code="h">EMF</subfield>
    <subfield code="i">00266433</subfield>
    <subfield code="m">EMF</subfield>
    <subfield code="r">2022-10-19 00:00:00</subfield>
    <subfield code="t">DVD</subfield>
    <subfield code="w">ddc</subfield>
    <subfield code="y">0</subfield>
  </datafield>
  <datafield tag="952" ind1=" " ind2=" ">
    <subfield code="1">0</subfield>
    <subfield code="2">2022-10-19</subfield>
    <subfield code="4">0</subfield>
    <subfield code="7">0</subfield>
    <subfield code="a">005.8 &#x639; &#x639; &#x636;</subfield>
    <subfield code="d">2022-10-19</subfield>
    <subfield code="h">EMF</subfield>
    <subfield code="i">00266434</subfield>
    <subfield code="m">EMF</subfield>
    <subfield code="r">2022-10-19 00:00:00</subfield>
    <subfield code="t">DVD</subfield>
    <subfield code="w">ddc</subfield>
    <subfield code="y">0</subfield>
  </datafield>
  <datafield tag="952" ind1=" " ind2=" ">
    <subfield code="1">0</subfield>
    <subfield code="2">2022-10-19</subfield>
    <subfield code="4">0</subfield>
    <subfield code="7">1</subfield>
    <subfield code="a">005.8 &#x639; &#x639; &#x636;</subfield>
    <subfield code="d">2022-10-19</subfield>
    <subfield code="h">IC</subfield>
    <subfield code="i">00266435</subfield>
    <subfield code="m">IC</subfield>
    <subfield code="r">2022-10-19 00:00:00</subfield>
    <subfield code="t">DVD</subfield>
    <subfield code="w">ddc</subfield>
    <subfield code="y">0</subfield>
  </datafield>
  <datafield tag="952" ind1=" " ind2=" ">
    <subfield code="1">0</subfield>
    <subfield code="2">2022-10-19</subfield>
    <subfield code="4">0</subfield>
    <subfield code="7">0</subfield>
    <subfield code="a">005.8 &#x639; &#x639; &#x636;</subfield>
    <subfield code="d">2022-10-19</subfield>
    <subfield code="h">IC</subfield>
    <subfield code="i">00266436</subfield>
    <subfield code="m">IC</subfield>
    <subfield code="r">2022-10-19 00:00:00</subfield>
    <subfield code="t">DVD</subfield>
    <subfield code="w">ddc</subfield>
    <subfield code="y">0</subfield>
  </datafield>
  <datafield tag="952" ind1=" " ind2=" ">
    <subfield code="1">0</subfield>
    <subfield code="2">2022-10-19</subfield>
    <subfield code="4">0</subfield>
    <subfield code="7">1</subfield>
    <subfield code="a">005.8 &#x639; &#x639; &#x636;</subfield>
    <subfield code="d">2022-10-19</subfield>
    <subfield code="h">IC</subfield>
    <subfield code="i">00266437</subfield>
    <subfield code="m">IC</subfield>
    <subfield code="r">2022-10-19 00:00:00</subfield>
    <subfield code="t">DVD</subfield>
    <subfield code="w">ddc</subfield>
    <subfield code="y">0</subfield>
  </datafield>
  <datafield tag="952" ind1=" " ind2=" ">
    <subfield code="1">0</subfield>
    <subfield code="2">2022-10-19</subfield>
    <subfield code="4">0</subfield>
    <subfield code="7">0</subfield>
    <subfield code="a">005.8 &#x639; &#x639; &#x636;</subfield>
    <subfield code="d">2022-10-19</subfield>
    <subfield code="h">IC</subfield>
    <subfield code="i">00266438</subfield>
    <subfield code="m">IC</subfield>
    <subfield code="r">2022-10-19 00:00:00</subfield>
    <subfield code="t">DVD</subfield>
    <subfield code="w">ddc</subfield>
    <subfield code="y">0</subfield>
  </datafield>
  <datafield tag="952" ind1=" " ind2=" ">
    <subfield code="1">0</subfield>
    <subfield code="2">2022-10-19</subfield>
    <subfield code="4">0</subfield>
    <subfield code="7">1</subfield>
    <subfield code="a">005.8 &#x639; &#x639; &#x636;</subfield>
    <subfield code="d">2022-10-19</subfield>
    <subfield code="h">SRF</subfield>
    <subfield code="i">00266439</subfield>
    <subfield code="m">SRF</subfield>
    <subfield code="r">2022-10-19 00:00:00</subfield>
    <subfield code="t">DVD</subfield>
    <subfield code="w">ddc</subfield>
    <subfield code="y">0</subfield>
  </datafield>
  <datafield tag="952" ind1=" " ind2=" ">
    <subfield code="1">0</subfield>
    <subfield code="2">2022-10-19</subfield>
    <subfield code="4">0</subfield>
    <subfield code="7">0</subfield>
    <subfield code="a">005.8 &#x639; &#x639; &#x636;</subfield>
    <subfield code="d">2022-10-19</subfield>
    <subfield code="h">SRF</subfield>
    <subfield code="i">00266440</subfield>
    <subfield code="m">SRF</subfield>
    <subfield code="r">2022-10-19 00:00:00</subfield>
    <subfield code="t">DVD</subfield>
    <subfield code="w">ddc</subfield>
    <subfield code="y">0</subfield>
  </datafield>
</record>
